000 01190pam a2200325 a 4500
001 1089005
003 NUST - PNEC
005 20170116181049.0
008 921020s1993 nyua 001 0 eng
010 _a 92035355
020 _a0028018141
040 _aDLC
_cLIBRARY
_dDLC
050 0 0 _aTL671.2
_b.K74 1993
082 0 0 _a629.13 KRO
100 1 _aKroes, Michael J.
245 1 0 _aAircraft basic science /
_c[Michael J.] Kroes, [James R.] Rardon.
250 _a7th ed.
260 _aNew York, N.Y. :
_bGlencoe,
_cc1993.
300 _aviii, 414 p. :
_bill. ;
_c28 cm.
440 0 _aAviation technology series
500 _aRev. ed. of: Aircraft basic science / Michael J. Kroes ... [et al.]. 6th ed. c1988.
500 _aIncludes index.
650 0 _aAirplanes
_xME
700 1 _aRardon, James R.,
_d1940-
856 4 2 _3Publisher description
_uhttp://www.loc.gov/catdir/description/mh031/92035355.html
856 4 1 _3Table of contents
_uhttp://www.loc.gov/catdir/toc/mh031/92035355.html
906 _a7
_bcbc
_corignew
_d1
_eocip
_f19
_gy-gencatlg
942 _2ddc
_cBK
999 _c68325
_d68325